Partidos políticos y movimientos sociales en El Salvador /
El presente artículo explica el desarrollo del ejercicio democrático en El Salvador, a partir de la praxis política de los diversos partidos en los procesos electorales, así como la participación del movimiento social salvadoreño, ante las debilidades del sistema de partidos y del sistema político....
Zapisane w:
| 1. autor: | |
|---|---|
| Format: | Texto |
| Hasła przedmiotowe: | |
| Etykiety: |
Dodaj etykietę
Nie ma etykietki, Dołącz pierwszą etykiete!
|
MARC
| LEADER | 00000 a a2200000 04500 | ||
|---|---|---|---|
| 001 | 40718 | ||
| 003 | |||
| 040 | |||
| 100 | |a Quintanilla Gómez, Nelson de Jesús | ||
| 245 | |a Partidos políticos y movimientos sociales en El Salvador / |c Nelson de Jesús Quintanilla Gómez | ||
| 520 | |a El presente artículo explica el desarrollo del ejercicio democrático en El Salvador, a partir de la praxis política de los diversos partidos en los procesos electorales, así como la participación del movimiento social salvadoreño, ante las debilidades del sistema de partidos y del sistema político. | ||
| 590 | |a RRH/SEPTIEMBRE2012 | ||
| 650 | |a 1.PARTIDOS POLITICOS | ||
| 650 | |a 2.DEMOCRACIA | ||
| 650 | |a 3.MOVIMIENTOS SOCIALES | ||
| 650 | |a 4.PARTICIPACION CIUDADANA | ||
| 650 | |a 5.EL SALVADOR | ||
| 773 | |g volumen19, número33 ( , 2008), páginas 41-58 | ||
| 999 | |c 27483 |d 27483 | ||
